إدارة المنشآت المالية المتخصصة = (رقم التسجيلة. 75201)

تفاصيل مارك
000 -الفاتح
حقل البيانات ثابتة الطول 00923cam a22002291i 4500
003 - محدد رقم الضبط
رقم الضبط SA-RiAUC
005 - وقت وتاريخ اخر تعامل مع التسجيلة
رقم الضبط 20181218112141.0
008 - عناصر البيانات ثابتة الطول - معلومات عامة
حقل البيانات ثابتة الطول 160216s2018 su f 000 0 ara c
020 ## - الرقم الدولى المعيارى للكتب
الرقم الدولى المعيارى للكتاب 9786038169964
040 ## - مصدر الفهرسة
وكالة الفهرسة الأصلية ma-un
لغة الفهرسة ara
082 04 - رقم تصنيف ديوى العشرى
رقم التصنيف 332.1068
رقم الطبعة 21
رقم المادة أ ج إ
100 ## - المدخل الرئيسى - إسم شخصى
الإسم الشخصى أدريس، جعفر عبدالله موسي
9 (RLIN) 65076
245 10 - بيان العنوان
العنوان إدارة المنشآت المالية المتخصصة =
بقية العنوان Specialization Financial Institutions Management /
بيان المسئوليه,etc جعفر عبدالله موسي إدريس.
250 ## - بيان الطبعة
بيان الطبعة ط. 1.
260 ## - PUBLICATION, DISTRIBUTION, ETC. (IMPRINT)
مكان الناشر او الموزع جدة، السعودية :
اسم الناشر او الموزع خوارزم العلمية،
تاريخ النشر أو التوزيع 2018
-- 1439
300 ## - الوصف المادى
التعداد 592 ص. ،
أبعاد الوعاء 24 سم
650 #7 - المدخل الاضافى بالموضوع-مصطلح موضوعى
مصطلح موضوعي أو اسم جغرافي كعنصر مدخل إدارة البنوك التجارية
9 (RLIN) 65077
650 #7 - المدخل الاضافى بالموضوع-مصطلح موضوعى
مصطلح موضوعي أو اسم جغرافي كعنصر مدخل إدارة البنوك الإسلامية
9 (RLIN) 65078
650 #7 - المدخل الاضافى بالموضوع-مصطلح موضوعى
مصطلح موضوعي أو اسم جغرافي كعنصر مدخل المؤسسات المالية
التقسيم الفرعي العام إدارة
9 (RLIN) 65079
650 #7 - المدخل الاضافى بالموضوع-مصطلح موضوعى
مصطلح موضوعي أو اسم جغرافي كعنصر مدخل شركات التأمين
التقسيم الفرعي العام إدارة
9 (RLIN) 65080
942 ## - عناصر المدخل الإضافي( كوها)
Koha [default] item type كتاب
المقتنيات
حالة الفقد نموذج السعر الفعال حالة تلف ليس للاعارة رقم الطلب تاريخ الاكتساب الموقع الحالي الباركود الفرع الرئيسي Date last seen نوع المادة فى نظام كوها مصدر التصنيف او خطة الترفيف Total Checkouts
  2018-12-18     332.1068 أ ج إ 2018-12-18 المكتبة المركزية بالمجمعة (CL) 00800128 المكتبة المركزية بالمجمعة (CL) 2018-12-18 كتاب Dewey Decimal Classification  
  2018-12-18     332.1068 أ ج إ 2018-12-18 المكتبة المركزية بالمجمعة (CL) 00800129 المكتبة المركزية بالمجمعة (CL) 2018-12-18 كتاب Dewey Decimal Classification  
  2018-12-18     332.1068 أ ج إ 2018-12-18 المكتبة المركزية بالمجمعة (CL) 00800130 المكتبة المركزية بالمجمعة (CL) 2018-12-18 كتاب Dewey Decimal Classification  
  2018-12-18     332.1068 أ ج إ 2018-12-18 قسم الاجراءات الفنية (IC) 00800173 قسم الاجراءات الفنية (IC) 2018-12-18 كتاب Dewey Decimal Classification  
  2018-12-18     332.1068 أ ج إ 2018-12-18 قسم الاجراءات الفنية (IC) 00800174 قسم الاجراءات الفنية (IC) 2018-12-18 كتاب Dewey Decimal Classification  
  2018-12-18     332.1068 أ ج إ 2018-12-18 قسم الاجراءات الفنية (IC) 00800181 قسم الاجراءات الفنية (IC) 2018-12-18 كتاب Dewey Decimal Classification  
  2018-12-18     332.1068 أ ج إ 2018-12-18 قسم الاجراءات الفنية (IC) 00800182 قسم الاجراءات الفنية (IC) 2018-12-18 كتاب Dewey Decimal Classification  
  2018-12-18     332.1068 أ ج إ 2018-12-18 كلية الشريعة والقانون - طالبات 00800183 كلية الشريعة والقانون - طالبات 2018-12-18 كتاب Dewey Decimal Classification  
  2018-12-18     332.1068 أ ج إ 2018-12-18 كلية الشريعة والقانون - طالبات 00800184 كلية الشريعة والقانون - طالبات 2018-12-18 كتاب Dewey Decimal Classification  
  2018-12-18     332.1068 أ ج إ 2018-12-18 مكتبة كلية التمريض - طالبات (CNF) 00800171 مكتبة كلية التمريض - طالبات (CNF) 2018-12-18 كتاب Dewey Decimal Classification  
  2018-12-18     332.1068 أ ج إ 2018-12-18 مكتبة كلية التمريض - طالبات (CNF) 00800172 مكتبة كلية التمريض - طالبات (CNF) 2018-12-18 كتاب Dewey Decimal Classification  
  2018-12-18     332.1068 أ ج إ 2018-12-18 مكتبة كلية العلوم و الدراسات الإنسانية برماح - طالبات (SRF) 00800175 مكتبة كلية العلوم و الدراسات الإنسانية برماح - طالبات (SRF) 2018-12-18 كتاب Dewey Decimal Classification  
  2018-12-18     332.1068 أ ج إ 2018-12-18 مكتبة كلية العلوم و الدراسات الإنسانية برماح - طالبات (SRF) 00800176 مكتبة كلية العلوم و الدراسات الإنسانية برماح - طالبات (SRF) 2018-12-18 كتاب Dewey Decimal Classification  
  2018-12-18     332.1068 أ ج إ 2018-12-18 مكتبة كلية العلوم و الدراسات الإنسانية برماح - طلاب (SRM) 00800177 مكتبة كلية العلوم و الدراسات الإنسانية برماح - طلاب (SRM) 2018-12-18 كتاب Dewey Decimal Classification  
  2018-12-18     332.1068 أ ج إ 2018-12-18 مكتبة كلية العلوم و الدراسات الإنسانية برماح - طلاب (SRM) 00800178 مكتبة كلية العلوم و الدراسات الإنسانية برماح - طلاب (SRM) 2018-12-18 كتاب Dewey Decimal Classification  
  2018-12-18     332.1068 أ ج إ 2018-12-18 مكتبة مجمع الكليات بالزلفى - طلاب (SZM) 00800179 مكتبة مجمع الكليات بالزلفى - طلاب (SZM) 2018-12-18 كتاب Dewey Decimal Classification  
  2018-12-18     332.1068 أ ج إ 2018-12-18 مكتبة مجمع الكليات بالزلفى - طلاب (SZM) 00800180 مكتبة مجمع الكليات بالزلفى - طلاب (SZM) 2018-12-18 كتاب Dewey Decimal Classification